| 000 | 00424nam a2200133Ia 4500 | ||
|---|---|---|---|
| 008 | 191206s9999 xx 000 0 und d | ||
| 020 | _a9.78178E+12 | ||
| 090 | _aGN865.Z55C75 | ||
| 245 | 0 | _aImmortalizing the past: reproductions of Zimbabwean rock art by Lionel Cripps | |
| 260 | _aWeaver Press | ||
| 260 | _cc2007 | ||
| 300 | _a"v, 179 p. : chiefly col. ill. ; 22 cm." | ||
| 999 |
_c16200 _d16200 |
||